Statistics for Flags of Europe Chain Game #2

Click here to take the quiz!

General Stats

  • This quiz has been taken 2,446 times
  • The average score is 11 of 12

Answer Stats

HintAnswer% Correct
HTML tutorial Italy
100%
HTML tutorial Denmark
98%
HTML tutorial Hungary
92%
HTML tutorial Norway
92%
HTML tutorial Ireland
91%
HTML tutorial Ukraine
91%
HTML tutorial Czech Republic
87%
HTML tutorial Malta
85%
HTML tutorial Romania
84%
HTML tutorial Latvia
82%
HTML tutorial Portugal
82%
San Marino
80%

Score Distribution

Percentile by Number Answered

Percent of People with Each Score

Your Score History

You have not taken this quiz